00643 2200205 4500001002100000005001500021035002000036007000300056008004100059020002200100082001100122084001700133100001900150245005900169260004900228300003800277650002100315520009000336990001100426INLIS00000000000052220171005094906 a0010-1017000076ta171005 f 0 ind  a978-979-22-6308-4 a297.63 a297.63 NOV m0 aNovita, windya1 aMendulang rezeki dengan bisnis syar'i /cWindya Novita aJakarta :bPT. Gramedia Pustaka Utama,c2013 a183 hlm :bilus ;c20,5 x 13,5 cm amendulang rezeki aPara ibu rumah tangga berbagi rahasia sukses merintis dan mengembangkan usaha rumahan a14.042